000 00379nam a22001097a 4500
008 240305b |||||||| |||| 00| 0 eng d
022 _a00129976
245 _aEconomics & Political Weekly
_cedited by S Mahendra Dev
260 _a4753/23, Ansari Road , Daryaganj , New Delhi
_bManohar Publishers & Distributors
_cFeb 24
300 _aVol.59 , No.8
_c27cm
942 _2ddc
_cSR
_mECO
999 _c201210
_d201210